Por Ti - Tito El Bambino, Lenny Tavárez - Estadísticas

Estadísticas generales
  • Esta prueba ha sido intentada 25 veces
  • La puntuación promedio es 109 de 328
Estadísticas de respuestas
Letra % Correcto
A
100%
a
100%
amor
50%
antes
50%
cama
50%
como
50%
Como
50%
de
50%
De
50%
Dime
50%
'e
50%
el
50%
En
50%
en
50%
es
50%
fue
50%
la
50%
La
50%
las
50%
lo
50%
más
50%
me
50%
Me
50%
mi
50%
mis
50%
no
50%
No
50%
noche
50%
noches
50%
o
50%
otra'
50%
otro
50%
pa'
50%
Pa'
50%
pienso
50%
por
50%
Por
50%
Que
50%
que
50%
quieres
50%
quiero
50%
Quiero
50%
50%
se
50%
50%
sepas
50%
si
50%
solo
50%
soy
50%
sueño
50%
tan
50%
te
50%
Te
50%
ti
50%
ti,
50%
todo
50%
tu
50%
50%
Tu
50%
una
50%
veces
50%
Ven,
50%
Y
50%
y
50%
yo
50%
Yo
50%
25/8
0%
acabe
0%
Armo
0%
arrogante
0%
atienda
0%
aún
0%
Aunque
0%
ausencia
0%
ayuda
0%
Baby,
0%
Bebé
0%
Benito,
0%
bizcocho
0%
brisa
0%
caéle,
0%
caéle
0%
cansaba
0%
cena
0%
comerte
0%
Creimo'
0%
crippy,
0%
cuerpo
0%
duda
0%
dueño
0%
encontraré
0%
entienda
0%
escapó
0%
estoy
0%
extraño
0%
fama
0%
Felina
0%
ganas
0%
lleva
0%
loco
0%
merienda
0%
mirarte
0%
muriendo
0%
nadie
0%
nos
0%
oh-oh
0%
olvidé
0%
Pero
0%
perrearte
0%
Pinocho
0%
prenden
0%
prender
0%
prendo
0%
presentimiento
0%
primera
0%
provocante
0%
puesto
0%
queda
0%
quítame
0%
reprocho
0%
riendas
0%
risa
0%
sentimiento
0%
soltarte
0%
sufrimiento,
0%
también
0%
Tengo
0%
tengo
0%
tienda
0%
tienes
0%
to'a
0%
vela'
0%
Ya
0%
yeah
0%
zeta
0%
No se encontraron pruebas coincidentes
Distribución de puntuación
Porcentaje de gente con cada puntuación
Porcentaje por número respondido
Historial de tus puntuaciones
No has intentado esta prueba.